000 00730nai a2200181Ia 4500
003 IN-BaIIA
008 211028c9999 xx s 000 0 eng d
022 _a2644-1284 (Online)
040 _cIIA Library
245 0 _aIEEE Open Journal of the Industrial Electronics Society
_h[eJournal]
260 _aNew York, USA
_bThe Institute of Electrical and Electronics Engineers, Inc. (IEEE)
362 _a1(); 2020 - Present
521 _bSubscribed through National Knowledge Resource Consortium (NKRC)
650 _a Power, Energy and Industry Applications
650 _aComponents, Circuits, Devices and Systems
856 _uhttps://ieeexplore.ieee.org/servlet/opac?punumber=8782706
_yClick Here to Access eJournal
942 _cEJ
999 _c34568
_d34568